Statistics for Guess the Italian city

Click here to take the quiz!

General Stats

  • This quiz has been taken 39 times
  • The average score is 9 of 16

Answer Stats

Answer% Correct
Milan
94%
Florence
91%
Pisa
88%
Rome
76%
Naples
70%
Venice
70%
Turin
64%
Siena
48%
Verona
45%
Bologna
39%
Catania
39%
Assisi
36%
Agrigento
33%
Alberobello
27%
Trieste
27%
Ravenna
21%

Score Distribution

Percentile by Number Answered

Percent of People with Each Score

Your Score History

You have not taken this quiz